What Countries Recognize Taiwan - Statistics

General Stats
  • This quiz has been taken 8 times
  • The average score is 6 of 12
Answers on the Map
Answers color-coded by a green-red scale on the quiz's map according to % correct below.
 
Answer Stats
Answer % Correct
Guatemala
75%
Haiti
75%
Belize
63%
Eswatini
63%
Marshall Islands
50%
Paraguay
50%
Tuvalu
50%
Vatican City (Italy)
50%
Palau
38%
Saint Lucia
38%
Saint Kitts and Nevis
25%
Saint Vincent and the Grenadines
13%
No matching quizzes found
Score Distribution
Percent of People with Each Score
Percentile by Number Answered
Your Score History
You have not taken this quiz